| 000 | 00475nam a22001817a 4500 | ||
|---|---|---|---|
| 003 | SISC | ||
| 005 | 20160308134814.0 | ||
| 008 | 130830t xxu||||| |||| 00| 0 eng d | ||
| 020 | _a9718905279 | ||
| 050 |
_aPN 6371 _b.C227 1996 |
||
| 082 |
_aHS 818 _bC16 1999 |
||
| 100 |
_aCanonigo, C.S _915822 |
||
| 245 |
_aTongue Twisters / _cC.S Canonigo. |
||
| 260 |
_aPhilippines : _bPalinsad Gen. Mdse., _cc1996. |
||
| 300 |
_a169 p. : _b18 cm. |
||
| 942 |
_2lcc _cBK |
||
| 999 |
_c10032 _d10032 |
||